| 000 | 00472nam a22001697a 4500 | ||
|---|---|---|---|
| 003 | BD-DhUL | ||
| 005 | 20181128115021.0 | ||
| 008 | 181127s1919 ii ||||| |||| 00| 0 urd d | ||
| 040 |
_aBD-DhUL _cBD-DhUL |
||
| 082 |
_a891.433 _bJOT |
||
| 100 | 0 | _aجولس ورن | |
| 245 | 1 | 0 |
_aطواف زمین / _cجولس ورن |
| 260 |
_aلکھنو : _bمنروا پبلشنگ، _c۔۱۹۱۹ |
||
| 300 |
_aص۔ ۲۲۴ ؛ _c۱۸ سم۔ |
||
| 650 | 4 | _aUrdu fiction | |
| 942 |
_2ddc _cBK |
||
| 999 |
_c244844 _d244844 |
||